Tilastot visalle Nisäkkäitä kuvien mukaan #1

Klikkaa tästä pelataksesi tätä visaa!

Yleistilastot

  • Tätä visaa on pelattu 702 kertaa
  • Keskiarvotulos 15 / 18

Vastaustilastot

Vastaus% Oikein
Isopanda
99%
Jääkarhu
99%
Kettu
99%
Norsu
99%
Tiikeri
98%
Kameli
97%
Laama
96%
Seepra
96%
Majava
95%
Laiskiainen
92%
Biisoni
84%
Pesukarhu
84%
Oranki
82%
Mäyrä
80%
Paviaani
76%
Päästäinen
71%
Pussirotta
48%
Pussiahma
18%

Tulosjakauma

Persentiili vastausten määrän mukaan

Jokaisen tuloksen saaneiden osuus

Tuloshistoriasi

Et ole pelannut tätä visaa